Stanovenie všeobecnej hodnoty podniku výnosovou metódou diplomová práca

Guardado en:
Detalles Bibliográficos
Autor principal: Mrázik, Roman
Autor Corporativo: Fakulta podnikového manažmentu EU. Katedra podnikovohospodárska
Otros Autores: Majdúchová, Helena, 1963-
Formato: Libro
Lenguaje:eslovaco
Publicado: Bratislava 2013
Etiquetas: Agregar Etiqueta
Sin Etiquetas, Sea el primero en etiquetar este registro!

MARC

LEADER 00000nbm a2200000 4500
001 0170976
005 20161109102422.0
041 0 |a slo 
044 |a SK 
245 1 0 |a Stanovenie všeobecnej hodnoty podniku výnosovou metódou  |b diplomová práca  |c Roman Mrázik ; školiteľ: Helena Majdúchová 
264 1 |a Bratislava  |c 2013 
300 |a 92 s. 
100 1 |a Mrázik, Roman 
700 1 |a Majdúchová, Helena, 1963- 
710 2 |a Fakulta podnikového manažmentu EU. Katedra podnikovohospodárska